000 03465nam a22004097i 4500
001 193408
003 ES-MaACL
005 20251219063022.0
007 ta
008 231121s2023 sp a|||| |||| 001 0 spa d
017 _aAL 1556-2023
_bOficina Depósito Legal Almería
020 _a978-84-1189-224-7
040 _bspa
_cES-MaACL
_aES-MaACL
_erda
080 _a94(460)"1833/40"
080 _a94(460.226)"18"
100 1 _aGarris Mozota, Jorge,
_d1968-
_eaut
_9176477
245 1 0 _aGuerras carlistas en Teruel y el Maestrazgo :
_bMontalbán y su castillo /
_cJorge Garris Mozota
250 _aPrimera edición, julio 2023
264 1 _a[Almería] :
_bCírculo Rojo,
_c[2023]
300 _a102 páginas :
_bilustraciones (blanco y negro y color) ;
_c21 cm
336 _2rdacontent
_aTexto
337 _2rdamedia
_asin mediación
338 _2rdacarrier
_avolumen
500 _aEjemplar firmado y dedicado por el autor
504 _aBibliografía: páginas 83-86. Índice
520 _aEste es un libro que, a pesar de su poca extensión, ofrece una gran densidad de datos e informaciones acerca de la Primera Guerra Carlista en los frentes de Teruel y el Maestrazgo, en general, y en la actual comarca de Cuencas Mineras, en particular. Tras explicar detalladamente las razones por las que se produjo esa guerra y cómo afectó a toda el área geográfica y a sus habitantes, se describen y analizan las principales acciones y combates, al igual que los mandos del bando carlista y del cristino que participaron con sus diferentes unidades: Cabrera, Llagostera, Balmaseda, von Rahden, el «malos ajos», Espartero, Serrano, Van Halen y la montalbina Mariana Cirugeda, como principales protagonistas de aquellas. También se dedica un epígrafe a los sucesivos ataques contra Montalbán hasta lograr la práctica destrucción de la villa y los que se produjeron contra el castillo-convento de origen medieval que, en aquellos años se ubicaba en la altura cercana a la iglesia de Santiago el Mayor, y que juntos formaban un formidable complejo defensivo. En el libro, tras la consulta de documentos y análisis tácticos sobre el terreno, se aclaran hechos como la destrucción de dicho castillo-convento y del hospital, que hasta la publicación del mismo habían tenido unas explicaciones poco convincentes. De igual modo, las acciones en Segura de Baños, con la destrucción de su castillo, las de Utrillas, y las de Hoz de la Vieja, se presentan al lector con los detalles necesarios. En definitiva, un libro que se complementa con interesantes imágenes, planos y mapas originales, que servirá para conocer lo acontecido en estas tierras, testigos mudos a lo largo de los siglos.
651 4 _98250
_aEspaña-
_xHistoria-
_y1833-1840, Guerra carlista
651 4 _9191773
_aTeruel (Provincia)-
_xHistoria
852 _aES-MaACL
_bR. 154772
_cDEPOJ
_jN-9560
_9200864
_gDedicatoria autógrafa del autor
_hDonación: Jorge Garris Mozota
_xEncuadernación rústica con solapas
852 _aES-MaACL
_cDEPO1
_jA-15879
_gDedicatoria autógrafa del autor
_9206894
_hDonación: Jorge Garris Mozota
_xEncuadernación rústica con solapas
903 _aGarris Mozota, Jorge,
_d1968-
_ednr
_9176477
942 _n0
_cMONOGRAFIA
999 _c193408
_d193408